| 000 | 01073cam a2200241 4500 | ||
|---|---|---|---|
| 001 | ABS61685 | ||
| 008 | 000000n1999 000 0 eng u | ||
| 035 | _a(Sirsi) u103327 | ||
| 100 | _aBrewer, G. | ||
| 245 | 3 | _aAn adjudicator's mistake | |
| 260 | _c1999 | ||
| 490 |
_aContract Journal _v 401(6255) 8 December 1999, 22(1) |
||
| 520 | _aConsiders the implications of the recent decision "Bouygues UK Ltd v Dahl-Jensen UK Ltd", whereby the courts enforce an adjuidicator's decision, even when that decision has been found to be wrong. | ||
| 590 | _aABS | ||
| 650 | _aBOUYGUES UK LTD V DAHL-JENSEN UK LTD | ||
| 650 | _aMANAGEMENT-DISPUTE AVOIDANCE, MANAGEMENT AND RESOLUTION-DISPUTE MANAGEMENT AND RESOLUTION-ALTERNATIVE DISPUTE RESOLUTION-ADJUDICATION-ADJUDICATORS | ||
| 650 | _aWRONG DECISION | ||
| 650 | _aMANAGEMENT-DISPUTE AVOIDANCE, MANAGEMENT AND RESOLUTION-DISPUTE MANAGEMENT AND RESOLUTION-ALTERNATIVE DISPUTE RESOLUTION-ADJUDICATION | ||
| 650 | _aCONSTRUCTION DISPUTES | ||
| 650 | _aENFORCEMENT | ||
| 690 |
_aDispute resolution _96236 |
||
| 942 | _n0 | ||
| 999 |
_c62101 _d62101 |
||